00750nam a2200169Ia 4500008004100000020001800041050001200059245011200071250000600183260003100189300001400220500011000234650005200344700007800396952008900474999001700563120626s9999 xx 000 0 und d a968-23-2014-3 aH33 M85 aEl mundo actual : Situación y alternativas / Pablo González Casanova y John Saxe-Fernández, (coords.) a2 aMéxico : Siglo Veintiuno aX, 413 p. aEn coedición con el centro de investigaciones interdisciplinarias en ciencias y humanidades de la UNAM. a1. INVESTIGACION SOCIAL -- DISCURSOS -- ENSAYOS aCasanova González, Pablo, coord. II. Saxe-Fernández, John, coord.Ì 00104070a09b09d2010-09-10l0oH33 M85p09 003477r2012-06-26t1w2012-06-26yLB c64532d64532